東/西/南/北から始まる関東地方のJR駅 - Statistics

General Stats
  • This quiz has been taken 216 times
  • The average score is 41 of 70
Answer Stats
Hint Answer % Correct
東浦和
92%
西船橋
90%
西浦和
87%
南浦和
86%
北浦和
82%
東神奈川
81%
東船橋
80%
東大宮
78%
東千葉
78%
西八王子
78%
東川口
77%
東中野
77%
西日暮里
77%
西川口
76%
西国分寺
75%
西千葉
75%
西大宮
74%
北柏
74%
東戸塚
73%
東松戸
73%
南柏
73%
南船橋
73%
北千住
70%
東小金井
69%
東十条
69%
南千住
69%
西 西大井
67%
西荻窪
67%
東所沢
66%
南与野
63%
北朝霞
63%
北与野
63%
北鴻巣
63%
西立川
61%
北八王子
61%
南越谷
60%
東青梅
59%
東我孫子
59%
西川越
59%
北府中
59%
北上尾
59%
東逗子
58%
南流山
58%
西国立
57%
北鎌倉
56%
北赤羽
55%
北小金
53%
東飯能
52%
北茅ヶ崎
52%
東中神
50%
北戸田
50%
東福生
48%
東鷲宮
48%
南橋本
46%
北高崎
45%
北本
44%
西府
43%
南酒々井
43%
西那須野
42%
南多摩
38%
南古谷
38%
東秋留
35%
東結城
34%
北藤岡
31%
南三原
20%
南中郷
19%
西松井田
18%
東横田
16%
東清川
11%
南酒出
5%
No matching quizzes found
Score Distribution
Percent of People with Each Score
Percentile by Number Answered
Your Score History
You have not taken this quiz